| 000 | 00564nam a2200205Ia 4500 | ||
|---|---|---|---|
| 005 | 20260429112211.0 | ||
| 008 | 260429s9999||||xx |||||||||||||| ||und|| | ||
| 020 | _a9788180942648 | ||
| 041 | _aEnglish | ||
| 082 |
_a330.15 _bSMI |
||
| 100 | _aSmith, adam | ||
| 245 | 0 |
_aInquiry into the natures and causes of the wealth of nations / _cadam Smith |
|
| 250 | _a1st ed. | ||
| 260 |
_aChennai : _bMJP Publishers , _c2022. |
||
| 300 | _avii, 508 p.; hb | ||
| 650 | _a Classical economics | ||
| 650 | _a Political economy | ||
| 650 | _aEconomics | ||
| 942 | _cTB | ||
| 999 |
_c52862 _d52862 |
||